Statistics for The Family Quiz

Click here to take the quiz!

General Stats

  • This quiz has been taken 8 times
  • The average score is 14 of 24

Answer Stats

QuestionAnswer% Correct
Who wrote the famous song for the movie, Skyfall (2012)?Adele
86%
What notorious gangster was famous in the 1920s of Chicago?Al Capone
86%
What famous Christmas song did Mariah Carey write?All I Want for Christmas Is You
86%
Which furry species lives on the forest moon of Endor?Ewoks
86%
What famous scientist discovered gravity?Issac Newton
86%
Who famously wore a dress made of meat to the MTV Awards?Lady Gaga
86%
After a decade of writing Spanish songs, which artist reached international fame from 2001 onwards with English ones?Shakira
86%
Folklore, Red and 1989 are albums by which singer?Taylor Swift
86%
How many John Wick films are there?3
71%
What famous artist developed the album thank u, next?Ariana Grande
71%
Justin Timberlake wrote what 2002 hit after breaking up with Britney Spears?Cry Me a River
71%
According Kelis’ song, what drink brings all the boys to the yard?Milkshake
71%
Who is the Flash's rival?Reverse Flash
71%
In which year was the biographic film of Elton John’s life released, starring Taron Egerton?2019
57%
How many championships did Michael Jordan win?6
57%
What year was Iron Man released?2008
43%
Has absolute zero ever been achieved?It's not possible
43%
Who composed the Star Wars theme?John Williams
43%
Starting in 1997, who had an unprecedented 71-week run on the Billboard R&B chart with ‘U Make me Wanna’?Usher
43%
What NBA Spurs player scored 70 points against Shaq?David Robinson
29%
¨I got you stuck off the realness, we be the infamous" What rap group says this?Mobb Depp
29%
Which 90s girl group is the second best-selling in history after the Spice Girls?TLC
29%
What year was George R.R. Martin's book "A Game of Thrones" published?1996
14%
In which year did Justin Bieber release Baby?2009
0%

Score Distribution

Percentile by Number Answered

Percent of People with Each Score

Your Score History

You have not taken this quiz